• 首页
  • 本馆介绍
  • 公告通知
  • 最新文献
  • 馆藏检索
  • 电子资源
  • 读者导购
  • 参考咨询
  • 我的图书馆
  • 登录
  • 详细信息显示
  • 放入我的书架
  • 预约/预借图书
  • 作者相关作品
  • 分类相关作品
  • 丛书相关作品
  • 出版社相关作品

书目信息

  • 表格格式
  • 工作单格式
  • 卡片格式
题名:
历代冤案平反录
    
 
作者: ;北京政法学院法制史教研室 编
分册:  
出版信息: 北京    1981.07
页数: 200页
开本: 19cm
丛书名:
单 册:
中图分类: D929.04
科图分类:
主题词: 法制史--中国
电子资源:
ISBN:
000 00617nam0 2200205 45
001 0404261082
005 20041228172118.8
010    @dCNY0.52
091    @a3214.1
100    @a20040426d1981 km y0chiy0120 ea
101 0  @achi
105    @a z 000yy
200 1  @a历代冤案平反录@ALi Dai Yuan An Ping Fan Lu@f北京政法学院法制史教研室编@FBei Jing Zheng Fa Xue Yuan Fa Zhi Shi Jiao Yan Shi Bian
210    @a北京@b知识出版社@d1981.07
215    @a200页@d19cm
606 0  @a法制史@x中国
690    @aD929.04@v3
711 02 @a北京政法学院法制史教研室@4编
801    @aCN@bTSTCL@c20040426
905    @dD929.04@e11@f1@b55646
    
    历代冤案平反录/北京政法学院法制史教研室编.-北京(知识出版社),1981.07
    200页;19cm
    
    
    ISBN :CNY0.52
    
●
相关链接 在E读中查询图书 在五车中查询图书 在当当中查询图书 在豆瓣中查询图书


正题名:历代冤案平反录     索取号:D929.04/11         预约/预借

序号 登录号 条形码 馆藏地/架位号 状态 备注
1 0055646   001973500   第一借阅区/ [索取号:D929.04/11] 在馆    
2 0055647   001253093   第一借阅区/ [索取号:D929.04/11] 在馆    
3 0055648   001253100   第一样本阅览室/ [索取号:D929.04/11] 在馆    
唐山师范学院图书馆 欢迎您!
大连网信软件有限公司© 版权所有